000 00571nam a2200229Ia 4500
003 OSt
005 20221005115624.0
006 a|||||r|||| 00| 0
007 ta
008 221004b |||||||| |||| 00| 0 tam d
024 _a52772
037 _cTextual
040 _aCRL
_cCRL
_btam
041 _2tam
_atam
082 _aV211.G, 31K5
100 _aVenkata Ramaya
_9627869
245 0 _aCholorkala arasial thalaivargal
260 _c1965
650 _aHISTORY
942 _hV211.G, 31K5
_cTEXL
_2cc
999 _c1035417
_d1035417